<?xml version="1.0" encoding="UTF-8"?>
<collection xmlns="http://www.loc.gov/MARC21/slim">
  <record>
    <leader>00000nam  2200000   4500</leader>
    <controlfield tag="001">INLIS000000000016900</controlfield>
    <controlfield tag="005">20240313014859</controlfield>
    <datafield tag="035" ind1="#" ind2="#">
      <subfield code="a">0010-0324000047</subfield>
    </datafield>
    <controlfield tag="007">ta</controlfield>
    <controlfield tag="008">240313################|##########|#|##</controlfield>
    <datafield tag="084" ind1="#" ind2="#">
      <subfield code="a">R 019 LATSAR 2021</subfield>
    </datafield>
    <datafield tag="100" ind1=" " ind2="#">
      <subfield code="a">Ratih Shofia Azizah</subfield>
    </datafield>
    <datafield tag="245" ind1="1" ind2="#">
      <subfield code="a">Efisiensi Proses Evaluasi Tender Menggunakan Google Worksheet Sebagai Media Evaluasi Online Oleh Pokja Pemilihan di Kementerian Koperasi dan UKM /</subfield>
      <subfield code="c">Ratih Shofia Azizah</subfield>
    </datafield>
    <datafield tag="260" ind1="#" ind2="#">
      <subfield code="a">Jakarta :</subfield>
      <subfield code="b">Pusbangkader,</subfield>
      <subfield code="c">2021</subfield>
    </datafield>
    <datafield tag="300" ind1="#" ind2="#">
      <subfield code="a">40 halaman ;</subfield>
      <subfield code="c">30 cm</subfield>
    </datafield>
    <datafield tag="650" ind1="#" ind2="4">
      <subfield code="a">Evaluasi Tender</subfield>
    </datafield>
    <datafield tag="650" ind1="#" ind2="4">
      <subfield code="a">Google Worksheet</subfield>
    </datafield>
    <datafield tag="520" ind1="#" ind2="#">
      <subfield code="a">Tahapan penting dalam proses pemilihan bagi penyedia barang/jasa pemerintah salah satunya adalah evaluasi dokumen penawaran. Evaluasi dokumen penawaran pengadaan barang/jasa dilakukan oleh Pokja Pemilihan untuk menilai penyedia yang mengikuti tender/seleksi. Terdapat beberapa jenis evaluasi dan penggunaan metode, untuk evaluasi harga terendah menggunakan metode satu file yang digunakan dalam pengadaan barang/pekerjaan kontruksi/jasa lainnya. Metode dua file digunakan untuk evaluasi dengan sistem nilai ambang batas, dan metode dua tahap di guankan untuk pekerjaan yang bersifat kompleks.</subfield>
    </datafield>
    <datafield tag="856" ind1="#" ind2="#">
      <subfield code="a">Perpustakaan LAN Pusat</subfield>
    </datafield>
    <datafield tag="990" ind1="#" ind2="#">
      <subfield code="a">23.10.019</subfield>
    </datafield>
  </record>
</collection>
